000 00915nam a2200265 i 4500
001 11037
003 KOSZ 005
005 20220715093251.0
008 s1956 pl f d |000 0 pol
040 _aKOSZ 005/EG
_cKOSZ 005/EG
_dKOSZ 005/EG
041 _apol
046 _k1956
080 _a811.133.1
080 _a(038)
100 1 _aKalina, Paweł
_d(1872-1945).
_eAutor
245 1 0 _aSłownik francusko-polski i polski-francuski.
_cPaweł Kalina.
_nCz. 2,
_pPolsko-francuska /
260 _aWarszawa :
_bWiedza Powszechna,
_c1956.
300 _a634, [2] s. ;
_c17 cm.
380 _aKsiążki.
650 4 _aJęzyk francuski
_xsłownictwo
655 4 _aSłownik polsko-francuski
710 2 _aPaństwowe Wydawnictwo Wiedza Powszechna
_4pbl.
856 _uhttp://koha.tu.koszalin.pl/cgi-bin/koha/opac-detail.pl?biblionumber=11037
_yKatalog online BPK
942 _2UKD
_cKS
999 _c11037
_d11037